Najpopularniejsze marki piw smakowych w Polsce - Statystyki

Ogólne statystyki
  • Ten quiz został rozwiązany 107 razy
  • Średni wynik to 4 z 10
Statystyki odpowiedzi
Marka % Poprawnych
Somersby
65%
Desperados
64%
Warka Radler
57%
Garage
49%
Capitan Jack
39%
Okocim
39%
Redd's
29%
Hardmade
17%
Bojan
0%
Myjebongo
0%
Nie znaleziono quizów pasujących do podanych kryteriów
Rozkład punktacji
Procent ludzi z każdym wynikiem
Percentyl według liczby udzielonych odpowiedzi
Twoja historia wyników
Nie rozwiązałeś tego quizu